History Quiz

Random History or Politics Quiz

Profile: Tony Benn Quiz Stats

Quiz not verified by Sporcle

Challenge
Share
Tweet
Embed
Score 0/24 Timer 05:00
0 Plays Today
Hint Answer % Correct
Political partyLabour Party
92%
Year died2014
88%
Year born1925
84%
Year he retired from Parliament2001
80%
Frequently smoked thisPipe
80%
Alma matter (University)New College, Oxford
78%
Year first elected to Parliament1950
76%
Children (Name Any)Hilary Benn
76%
Prime Minister served under (Cabinet era Only)Harold Wilson
74%
Year disqualified from Parliament1960
72%
Year re-elected to Parliament1963
68%
Military branchRoyal Air Force
68%
Hint Answer % Correct
BirthplaceMarylebone, London
62%
On retiring from the Commons, Benn gave the reason: 'To spend more time on...what?'Politics
58%
Full nameAnthony Neil Wedgwood Benn
54%
Coalition he was President ofStop the War Coalition
52%
Position in Government (Any)Secretary of State for Industry
50%
Second constituencyChesterfield
50%
First constituencyBristol South East
48%
Alma matter (School)Westminster School
38%
SpouseCaroline DeCamp
36%
FatherWilliam
36%
Name of the peerage he contestedViscount Stansgate
30%
MotherMargaret
12%

You're not logged in!

Compare scores with friends on all Sporcle quizzes.
Join for Free
OR
Log In

You Might Also Like...

Show Comments

Extras

Top Quizzes Today


Score Distribution

Your Account Isn't Verified!

In order to create a playlist on Sporcle, you need to verify the email address you used during registration. Go to your Sporcle Settings to finish the process.

Report this User

Report this user for behavior that violates our Community Guidelines.

Details: